17th-Century Cabinets (Record no. 985)
[ view plain ]
| 000 -CABECERA | |
|---|---|
| campo de control de longitud fija | 00856nam a2200253 a 4500 |
| 001 - NÚMERO DE CONTROL | |
| campo de control | BRCA_1106 |
| 005 - FECHA Y HORA DE LA ÚLTIMA TRANSACCIÓN | |
| campo de control | 20190320203301.0 |
| 008 - DATOS DE LONGITUD FIJA--INFORMACIÓN GENERAL | |
| campo de control de longitud fija | 000824s2000 ne-a---##b---#000-0#eng-d |
| 020 ## - NÚMERO INTERNACIONAL ESTÁNDAR DEL LIBRO | |
| Número Internacional Estándar del Libro | 9040094519 |
| 040 ## - FUENTE DE LA CATALOGACIÓN | |
| Centro catalogador/agencia de origen | RTM |
| Centro/agencia transcriptor | RTM |
| Centro/agencia modificador | DLC |
| 050 #4 - SIGNATURA TOPOGRÁFICA DE LA BIBLIOTECA DEL CONGRESO | |
| Número de clasificación | NK2360 |
| Número de documento/Ítem | .B23 2000 |
| 100 1# - ENTRADA PRINCIPAL--NOMBRE DE PERSONA | |
| Nombre de persona | Baarsen, Reinier |
| 9 (RLIN) | 3646 |
| 245 10 - MENCIÓN DE TÍTULO | |
| Título | 17th-Century Cabinets |
| Mención de responsabilidad, etc. | [author, Reinier Baarsen]. |
| 260 ## - PUBLICACIÓN, DISTRIBUCIÓN, ETC. | |
| Lugar de publicación, distribución, etc. | Amsterdam |
| Nombre del editor, distribuidor, etc. | Rijksmuseum |
| 260 ## - PUBLICACIÓN, DISTRIBUCIÓN, ETC. | |
| Lugar de publicación, distribución, etc. | Zwolle |
| Nombre del editor, distribuidor, etc. | Waanders |
| Fecha de publicación, distribución, etc. | 2000 |
| 300 ## - DESCRIPCIÓN FÍSICA | |
| Extensión | 64 p. |
| Otras características físicas | il. (algunas a color) |
| Dimensiones | 26 cm. |
| 440 #0 - MENCIÓN DE SERIE/PUNTO DE ACCESO ADICIONAL--TÍTULO | |
| Título | Rijksmuseum Dossiers |
| 9 (RLIN) | 3647 |
| 504 ## - NOTA DE BIBLIOGRAFÍA, ETC. | |
| Nota de bibliografía, etc. | Incluye referencias bibliográficas |
| 610 24 - PUNTO DE ACCESO ADICIONAL DE MATERIA--NOMBRE DE ENTIDAD CORPORATIVA | |
| Nombre de entidad corporativa o nombre de jurisdicción como elemento de entrada | Rijksmuseum (Netherlands) |
| Subdivisión de forma | Catálogos |
| 9 (RLIN) | 3648 |
| 650 14 - PUNTO DE ACCESO ADICIONAL DE MATERIA--TÉRMINO DE MATERIA | |
| Término de materia o nombre geográfico como elemento de entrada | Ebanistería |
| Subdivisión de forma | Catálogos |
| Subdivisión general | Historia |
| Subdivisión cronológica | Siglo XVII |
| Subdivisión geográfica | Europa occidental |
| 9 (RLIN) | 3649 |
| 650 14 - PUNTO DE ACCESO ADICIONAL DE MATERIA--TÉRMINO DE MATERIA | |
| Término de materia o nombre geográfico como elemento de entrada | Ebanistería |
| Subdivisión de forma | Catálogos |
| Subdivisión geográfica | Netherlands |
| 9 (RLIN) | 3650 |
| 710 2# - PUNTO DE ACCESO ADICIONAL--NOMBRE DE ENTIDAD CORPORATIVA | |
| Nombre de entidad corporativa o nombre de jurisdicción como elemento de entrada | Rijksmuseum (Netherlands) |
| 9 (RLIN) | 3651 |
| 942 ## - ELEMENTOS DE PUNTO DE ACCESO ADICIONAL (KOHA) | |
| Fuente del sistema de clasificación o colocación | Library of Congress Classification |
| Tipo de ítem Koha | Libros |
| Estado de retiro | Estado de pérdida | Estado dañado | No para préstamo | Localización permanente | Ubicación/localización actual | Fecha de adquisición | Total de préstamos | Signatura topográfica completa | Código de barras | Fecha visto por última vez | Precio válido a partir de | Tipo de ítem Koha |
|---|---|---|---|---|---|---|---|---|---|---|---|---|
| El ejemplar forma parte de la colección y puede ser consultado según las políticas vigentes. | Biblioteca del Museo Franz Mayer (Rogerio Casas-Alatriste) | Biblioteca del Museo Franz Mayer (Rogerio Casas-Alatriste) | 26/06/2008 | NK2360 .B23 2000 | 01632 | 22/03/2019 | 22/03/2019 | Libros |